000 01469nam a22004097a 4500
001 0006792
003 KOHA_MİRAKIL
005 20260207001534.0
007 ta
008 090806b1991 tu |||gr||||#0|||0|tur |
020 _a9754560455
_c0,01
040 _aTR-BiSEU
_btur
_cTR-BiSEU
_erda
041 0 _atur
044 _ctu
050 _aDR479
_b.B37 1991
100 1 _aBaştav, Şerif.
245 1 _aOsmanlı Türk-Macar tarihi münasebetlerinde ilk devir (1456'ya kadar)/
_cŞerif Baştav ; Şerif Baştav.
264 1 _aAnkara :
_bTürk Kültürünü Araştırma Enstitüsü
_c1991
300 _aiii, 188 sayfa: resimli
336 _ametin
_btxt
_2rdacontent
337 _aaracısız
_bn
_2rdamedia
338 _acilt
_bnc
_2rdacarrier
490 1 _aTürk Kültürünü Araştırma Enstitüsü yayınları ;
_v116.
490 1 _a Seri: III - Sayı: A.32.
500 _aKaynakça ve dizin var.
650 0 _aHungary--History 1000-1699.
_916787
650 0 _aTurkey--Foreign relations--Hungary.
_916788
650 0 _aHungary--Foreign relations--Turkey.
_916789
650 0 _aTurkey--History 1288-1453.
_913484
650 0 _aMacaristan--Tarih 1000-1699.
_916790
650 0 _aTürkiye--Dış ilişkiler--Macaristan.
_916791
650 0 _aTürkiye--Tarih 1288-1453.
_913526
830 1 _aTürk Kültürünü Araştırma Enstitüsü yayınları ;
_v116.
_96620
830 1 _a Seri: III - Sayı: A.32.
_916792
907 _aTarih
942 _2lcc
_cBK
999 _c6773
_d6773